000 00407cam a2200121 4500
008 020212n2001 000 0 eng u
035 _a(Sirsi) u116697
100 _aMarten, R.S.
245 4 _aThe International Valuation Standards Committee, its current activities and relevance within the African context
260 _c2001
490 _aThe South African Valuer
_v(68) December 2001, 5-10(6)
942 _n0
999 _c69503
_d69503